000
00283nam a22001217a 4500
008
181107b xxu||||| |||| 00| 0 eng d
041
_a
eng
080
_a
612.39
100
_a
10
101
_a
NUT
245
_a
From green persimmons to cranky parrots
_c
Slaton, R.L
942
_2
udc
_c
BK
999
_c
52163
_d
52163